[Event "Mexico City Independence Cup 11th"]
[Site "Mexico City"]
[Date "2022.09.17"]
[Round "6"]
[White "Malka, Samuel"]
[Black "Nava Ruiz, Miguel Angel"]
[Result "1-0"]
[WhiteElo "2256"]
[BlackElo "1834"]
[PlyCount "147"]
[EventDate "2022.09.14"]
[EventType "tourn"]
[EventRounds "7"]
[EventCountry "MEX"]
[SourceTitle "CBM 210 Extra"]
[Source "ChessBase"]
[SourceDate "2022.11.30"]
[SourceVersion "1"]
[SourceVersionDate "2022.11.30"]
[SourceQuality "1"]

1. Nf3 Nf6 2. c4 g6 3. Nc3 d5 4. cxd5 Nxd5 5. h4 Nxc3 6. bxc3 h5 7. e4 Bg7 8. Bc4 0-0 9. Ng5 Nd7 10. d4 Nb6 11. Be2 c5 12. Be3 cxd4 13. cxd4 Qd6 14. Qd2 f6 15. Nh3 Bd7 16. Nf4 Kf7 17. 0-0 e5 18. dxe5 Qxd2 19. Bxd2 fxe5 20. Nd3 Bb5 21. Rfb1 Bc4 22. Be3 Rfd8 23. Nc1 Bxe2 24. Nxe2 Rd6 25. a4 Rad8 26. a5 Nc4 27. Rxb7+ R8d7 28. Rxa7 Rxa7 29. Bxa7 Ra6 30. Ra4 Rxa7 31. Rxc4 Rxa5 32. Rc7+ Kg8 33. g3 Ra2 34. Nc3 Rc2 35. Nd5 Rxc7 36. Nxc7 Kf7 37. Nd5 Ke6 38. f3 Bf8 39. Kg2 Ba3 40. f4 Bc5 41. Kf3 Bd4 42. Nb4 exf4 43. gxf4 Bf6 44. Kg3 Bc3 45. Nd3 Bd4 46. Ne1 Ba1 47. Nf3 Bc3 48. Kf2 Bb2 49. Ng1 Bf6 50. Kg3 Bb2 51. Ne2 Bf6 52. Ng1 Bc3 53. Nf3 Bb2 54. Ne1 Bf6 55. Ng2 Bc3 56. Kf3 Bb4 57. e5 Be7 58. Ke4 Bd8 59. Kd4 Bb6+ 60. Kc4 Bf2 61. Kc3 Kf5 62. Kc4 Ke6 63. Kd3 Bc5 64. Ne1 Kf5 65. Kc4 Bf2 66. Nf3 Ke6 67. Ng5+ Ke7 68. Nf3 Bg3 69. f5 gxf5 70. Kd5 Bf2 71. e6 Bg3 72. Nd4 f4 73. Nf5+ Ke8 74. Kd6 1-0

[Event "Mexico City Independence Cup 11th"]
[Site "Mexico City"]
[Date "2022.09.14"]
[Round "1"]
[White "Jimenez Garcia, Emanuel"]
[Black "Nava Ruiz, Miguel Angel"]
[Result "1-0"]
[WhiteElo "2388"]
[BlackElo "1834"]
[PlyCount "61"]
[EventDate "2022.09.14"]
[EventType "tourn"]
[EventRounds "7"]
[EventCountry "MEX"]
[SourceTitle "CBM 210 Extra"]
[Source "ChessBase"]
[SourceDate "2022.11.30"]
[SourceVersion "1"]
[SourceVersionDate "2022.11.30"]
[SourceQuality "1"]

1. Nf3 Nf6 2. b3 g6 3. Bb2 Bg7 4. g3 0-0 5. Bg2 d6 6. d4 c6 7. 0-0 Bf5 8. Nbd2 Re8 9. Nh4 Bd7 10. e4 Qc8 11. e5 dxe5 12. dxe5 Nd5 13. c4 Bg4 14. Bf3 Bxf3 15. Qxf3 Nc7 16. Qe3 Ne6 17. f4 c5 18. f5 Nd4 19. Bxd4 cxd4 20. Qf4 Nc6 21. Rae1 e6 22. fxg6 fxg6 23. Qf7+ Kh8 24. Nxg6+ hxg6 25. Re4 g5 26. Nf3 Rf8 27. Qh5+ Kg8 28. Nxg5 Rxf1+ 29. Kxf1 Qe8 30. Qh7+ Kf8 31. Rf4+ 1-0